000 00236nam a2200097Ia 4500
001 668073
005 20250826160342.0
008 250824s9999 xx 000 0 und d
245 0 _aDünyanın Yeni Sahipleri
_cJean Ziegler
260 _bALTIN
999 _c668073
_d668073